00649nam a2200205Ia 4500008004100000050001900041050001500060100002900075245010800104245002800212260003100240260001000271260001000281300001600291300002000307300001100327500005600338650002400394650002500418150520s9999 xx 000 0 und d aHF 5549.5.M63  b.M378 2015 aMartinez, James Keno D.  aWork value and job engagement of the college faculty of southville international school and colleges /  cJames Keno D. Martinez. aLas Piñas, Philippines : bSISC, c2015. a62 pages :  billustrations ; c28 cm. aIncludes bibliographical references and appendices. aEmployee Management aPersonnel Management